| 000 | 00715nam a2200217Ii 4500 | ||
|---|---|---|---|
| 003 | JO-AjNU | ||
| 008 | 230606s9999||||xx |||||||||||||| ||und|| | ||
| 020 | _a0-7506-6202-6 | ||
| 040 |
_aJO-AjNU _beng _erda _cJO-AjNU |
||
| 041 | _aeng | ||
| 050 | 1 | 4 | _aHC79.2005 |
| 100 | 3 |
_aRivard,Suzanne/Benoit A.Aubert/Michel Patry/Guy pare/Heather A.Smith, _eauthor _9565 |
|
| 245 | 0 | 0 | _aInformation Technology and Organizational Transformation:solving the management puzzle |
| 250 | _a1 ed | ||
| 264 | 3 | 1 | _aBoston:Elsevier Butterworth Heinemann,2005 |
| 300 | _a321p | ||
| 336 |
_atext _btxt _2rdacontent |
||
| 337 |
_aunmediated _bn _2rdamedia |
||
| 338 |
_avolume _bnc _2rdacarrier |
||
| 650 | 4 |
_aInformation Technology _9566 |
|
| 999 |
_aE299 _c299 _d299 |
||